000 01361aam a2200337 i 4500
999 _c44750
_d44750
001 18297
003 CO-MdBIC
005 20190502115225.0
008 190430t2001 ck |||| |||| 00| 0 spa d
020 _a958-8080-59-2
040 _a9588080592
_bspa
_cCO-MdFUSB
_dCO-MdFUSBC
_erda
041 _aspa
082 _224
_a248.8421
_bSI586
100 1 _aSilva de Sánchez, María Teresa
_eautor
245 1 0 _aComo hablar de Dios a los hijos.
_c/ María Teresa Silva de Sánchez
250 _aSegunda edición
264 1 _aBogotá, Colombia :
_bIndo-American Press Service Ltda,
_c[2001]
264 4 _c© 2001
300 _a78 páginas
_c; 21 cm
336 _atexto
_btxt
_2rdacontent
337 _2rdamedia
_asin mediación
_bn
338 _2rdacarrier
_avolumen
_bnc
490 _aColección Experiencias.
505 0 _aEnseñar a los hijos a conocer a Dios -- Un Dios vivo y cercano -- Orar es conversar con Dios -- Traigamos la Biblia a nuestra vida diaria -- La fe es lo esencial -- ¿Qué verdades enseñar? -- Anticipémonos a los conflictos de los jóvenes entre su fe y el mundo que los rodea -- Buscar por sí mismos -- Formación de la conciencia -- Conclusión.
563 _aRústico
650 0 _9292
_aFamilias
650 0 _919
_aVida cristiana
653 _aInstrucción de los hijos
830 _aColección Experiencias.
942 _cBK